Statistics for Gone With the Wind (This actor played whom)

Click here to take the quiz!

General Stats

  • This quiz has been taken 158 times
  • The average score is 9 of 12

Answer Stats

HintAnswer% Correct
Vivien LeighScarlett O'Hara
98%
Clark GableRhett Butler
98%
Hattie McDanielMammy
96%
Leslie HowardAshley Wilkes
95%
Olivia de HavillandMelanie Hamilton
94%
Butterfly McQueenPrissy
80%
Evelyn KeyesSuellen O'Hara
64%
Thomas MitchellGerald O'Hara
64%
Barbara O'NeilEllen O'Hara
61%
Ona MunsonBelle Watling
45%
Cammie KingEugenie "Bonnie Blue" Butler
43%
Everett BrownBig Sam
28%

Score Distribution

Percentile by Number Answered

Percent of People with Each Score

Your Score History

You have not taken this quiz